A figyelem hatásairól

Elmentve itt :
Bibliográfiai részletek
Szerző: Székely György
Dokumentumtípus: Cikk
Megjelent: 1910
Sorozat:Magyar pedagógia : a Magyar Tudományos Akadémia Pedagógiai Bizottságának folyóirata 19
Kulcsszavak:Figyelem pszichológia, Figyelem, Gyermekpszichológia
Online Access:http://misc.bibl.u-szeged.hu/8728
LEADER 00674nab a2200181 i 4500
001 misc8728
005 20191106143828.0
008 170607s1910 hu o 0|| hun d
022 |a 0025-0260 
040 |a SZTE Miscellanea Repozitórium  |b hun 
041 |a hun 
100 1 |a Székely György 
245 1 2 |a A figyelem hatásairól  |h [elektronikus dokumentum] /  |c  Székely György 
260 |c 1910 
300 |a 593-598 
490 0 |a Magyar pedagógia : a Magyar Tudományos Akadémia Pedagógiai Bizottságának folyóirata  |v 19 
695 |a Figyelem pszichológia, Figyelem, Gyermekpszichológia 
856 4 0 |u http://misc.bibl.u-szeged.hu/8728/1/mp_1910_1567_593-598.pdf  |z Dokumentum-elérés